Universitäten und Hochschulen, die Hebammenwissenschaften anbieten - Statistiken

Allgemein
  • Dieses Quiz wurde 31 mal gespielt
  • Das Durchschnittsergebnis liegt bei 33 aus 47
Antwortstatistiken
Bundesland Universität/Hochschule % Korrekt
Nordrhein-Westfalen Katholische Hochschule Nordrhein-Westfalen, Standort Köln
92%
Nordrhein-Westfalen Universität zu Köln
92%
Hessen Frankfurt University of Applied Sciences
88%
Bayern Katholische Stiftungshochschule München
88%
Charité Universitätsmedizin Berlin
83%
Baden-Württemberg Duale Hochschule Baden-Württemberg Stuttgart
83%
Evangelische Hochschule Berlin
83%
Bayern Friedrich-Alexander-Universität Erlangen-Nürnberg
83%
Hochschule für Angewandte Wissenschaften Hamburg und der Medizinischen Fakultät der Universität Hamburg am Universitätsklinikum Hamburg-Eppendorf
83%
Sachsen-Anhalt Martin-Luther-Universität Halle-Wittenberg in Kooperation mit den Universitätskliniken Magdeburg und Halle (Saale)
83%
Bayern Technische Hochschule Nürnberg
83%
Sachsen DIU Dresden International University
79%
Hochschule Bremen, City University of Applied Science
79%
Saarland Hochschule für Technik und Wirtschaft des Saarlandes (Saarbrücken)
79%
Rheinland-Pfalz Johannes-Gutenberg-Universität Mainz
79%
Sachsen Technische Universität Dresden
79%
Sachsen Universität Leipzig
79%
Mecklenburg-Vorpommern Universität Rostock
79%
Baden-Württemberg Albert-Ludwigs-Universität Freiburg
75%
Thüringen Ernst-Abbe-Hochschule Jena
75%
Nordrhein-Westfalen Fliedner Fachhochschule Düsseldorf
75%
Bayern Universität Augsburg
75%
Nordrhein-Westfalen Universität Münster
75%
Brandenburg Brandenburgische Technische Universität Cottbus – Senftenberg
71%
Baden-Württemberg Duale Hochschule Baden-Württemberg Heidenheim (Heidenheim-Ulm)
71%
Nordrhein-Westfalen Hochschule für Gesundheit Bochum
71%
Niedersachsen Hochschule Osnabrück
71%
Niedersachsen Medizinische Hochschule Hannover
71%
Bayern Ostbayerische Technische Hochschule Regensburg
71%
Nordrhein-Westfalen Rheinische Friedrich-Wilhelms-Universität Bonn
71%
Nordrhein-Westfalen Rheinisch-Westfälische Technische Hochschule Aachen
71%
Schleswig-Holstein Universität zu Lübeck
71%
Nordrhein-Westfalen Fachhochschule Bielefeld
67%
Nordrhein-Westfalen Fachhochschule des Mittelstandes Bielefeld
67%
Niedersachsen Hochschule für Angewandte Wissenschaft und Kunst Göttingen
67%
Baden-Württemberg Duale Hochschule Baden-Württemberg Karlsruhe
63%
Bayern Julius-Maximilians-Universität Würzburg
63%
Hessen Hochschule Fulda
58%
Niedersachsen Jade Hochschule Oldenburg
58%
Hessen Technische Hochschule Mittelhessen - University of Applied Sciences - Standort Gießen
58%
Bayern Hochschule für angewandte Wissenschaften Coburg (Coburg-Bamberg)
54%
Baden-Württemberg Eberhard Karls Universität Tübingen
50%
Bayern Technische Hochschule Aschaffenburg
50%
Rheinland-Pfalz Hochschule für Wirtschaft und Gesellschaft Ludwigshafen
42%
Nordrhein-Westfalen Die Hochschule Niederrhein in Krefeld
38%
Bayern Hochschule für angewandte Wissenschaften Landshut
33%
Baden-Württemberg Hochschule Furtwangen
8%
Keine übereinstimmenden Quizze gefunden
Verteilung der Resultate
Anzahl Personen mit jedem Resultat
Perzentil nach korrekt beantworteten Fragen
Ihre Resultats-Entwicklung
Sie haben dieses Quiz noch nicht gespielt